[Event "GRE-chT U16 14th"]
[Site "Rio Achaia"]
[Date "2022.12.16"]
[Round "3"]
[White "Moschat, Iosif Theodoros"]
[Black "Sideris, Michail"]
[Result "1-0"]
[WhiteElo "1314"]
[BlackElo "1236"]
[PlyCount "85"]
[EventDate "2022.12.15"]
[EventType "team-swiss"]
[EventRounds "6"]
[EventCountry "GRE"]
[SourceTitle "EXT 2024"]
[Source "ChessBase"]
[SourceDate "2023.10.10"]
[SourceVersion "1"]
[SourceVersionDate "2023.10.10"]
[SourceQuality "1"]

1. d4 Nf6 2. c4 g6 3. Nc3 d5 4. Bg5 Bg7 5. Qa4+ Bd7 6. Qd1 c5 7. e3 Qa5 8. Bxf6 Bxf6 9. Nf3 cxd4 10. exd4 Nc6 11. cxd5 Nb4 12. Qb3 Bf5 13. Bb5+ Kf8 14. 0-0 a6 15. Be2 b5 16. a3 Nc2 17. Rad1 Rc8 18. Bd3 b4 19. Bxf5 gxf5 20. Na4 bxa3 21. Rc1 Qb5 22. Qxb5 axb5 23. Nc5 Nxd4 24. Nxd4 Rxc5 25. Rxc5 Bxd4 26. Rc8+ Kg7 27. Rxh8 Kxh8 28. bxa3 Bb2 29. Rb1 Bxa3 30. Rxb5 Bd6 31. f3 f4 32. Kf2 Kg7 33. Ke2 f5 34. Kd3 Kf7 35. Kc4 Ke8 36. Ra5 Kf7 37. Kb5 h5 38. Ra6 Kf6 39. Rxd6+ exd6 40. Kc6 Ke5 41. h4 Kd4 42. Kxd6 Ke3 43. Ke5 1-0

[Event "GRE-chT U16 14th"]
[Site "Rio Achaia"]
[Date "2022.12.15"]
[Round "1"]
[White "Skodras, Marios Konstantinos"]
[Black "Sideris, Michail"]
[Result "1-0"]
[WhiteElo "1571"]
[BlackElo "1236"]
[PlyCount "75"]
[EventDate "2022.12.15"]
[EventType "team-swiss"]
[EventRounds "6"]
[EventCountry "GRE"]
[SourceTitle "EXT 2024"]
[Source "ChessBase"]
[SourceDate "2023.10.10"]
[SourceVersion "1"]
[SourceVersionDate "2023.10.10"]
[SourceQuality "1"]

1. e4 e5 2. Nf3 Nc6 3. Bb5 f5 4. d3 Nf6 5. Nc3 d6 6. Bg5 Be7 7. Bxf6 Bxf6 8. d4 Bd7 9. dxe5 Nxe5 10. Nxe5 Bxe5 11. Bc4 Bxc3+ 12. bxc3 Qf6 13. Qd3 Be6 14. 0-0 Bxc4 15. Qxc4 0-0-0 16. Rab1 c6 17. Rb3 Rhe8 18. exf5 Kc7 19. Rfb1 Rb8 20. Qa4 Qe5 21. h3 Qc5 22. Qd4 Qxd4 23. cxd4 Re4 24. Re3 Rbe8 25. Rbe1 Rxe3 26. Rxe3 Rxe3 27. fxe3 c5 28. dxc5 dxc5 29. e4 Kd6 30. g4 b5 31. Kf2 a5 32. Ke3 Ke5 33. g5 c4 34. c3 b4 35. cxb4 axb4 36. Kd2 Kd6 37. h4 Kd7 38. h5 1-0

[Event "GRE-ch U14"]
[Site "Thessaloniki"]
[Date "2022.08.19"]
[Round "2"]
[White "Sideris, Michail"]
[Black "Seretis, Nikolaos G"]
[Result "1/2-1/2"]
[WhiteElo "1345"]
[BlackElo "1094"]
[PlyCount "66"]
[EventDate "2022.08.18"]
[EventType "swiss"]
[EventRounds "9"]
[EventCountry "GRE"]
[SourceTitle "EXT 2024"]
[Source "ChessBase"]
[SourceDate "2023.10.10"]
[SourceVersion "1"]
[SourceVersionDate "2023.10.10"]
[SourceQuality "1"]

1. d4 d5 2. c4 e6 3. Nf3 Nf6 4. g3 Be7 5. Bg2 0-0 6. 0-0 dxc4 7. Qc2 a6 8. a4 Bd7 9. Ne5 Bc6 10. Nxc6 Nxc6 11. e3 Rb8 12. Qxc4 Nd5 13. Bd2 Nb6 14. Qc2 Nb4 15. Bxb4 Bxb4 16. Rd1 Be7 17. Nc3 c6 18. Rac1 Nd5 19. h4 h6 20. e4 Nxc3 21. Qxc3 Qb6 22. d5 exd5 23. exd5 cxd5 24. b3 d4 25. Qxd4 Qxd4 26. Rxd4 b5 27. axb5 axb5 28. h5 b4 29. Bd5 Bf6 30. Rd3 Rbc8 31. Rxc8 Rxc8 32. Bc4 Rd8 33. Rxd8+ Bxd8 1/2-1/2

[Event "GRE-chT U16"]
[Site "Thessaloniki"]
[Date "2021.12.19"]
[Round "6.3"]
[White "Sideris, Michail"]
[Black "Linaras, Dimitrios"]
[Result "1-0"]
[WhiteElo "889"]
[BlackElo "1087"]
[PlyCount "125"]
[EventDate "2021.12.16"]
[EventType "team-swiss"]
[EventRounds "6"]
[EventCountry "GRE"]
[SourceTitle "CBM 205 Extra"]
[Source "ChessBase"]
[SourceDate "2022.01.31"]
[SourceVersion "1"]
[SourceVersionDate "2022.01.31"]
[SourceQuality "1"]
[WhiteTeam "Kozanis Aetoi"]
[BlackTeam "Kerkiras"]
[WhiteTeamCountry "GRE"]
[BlackTeamCountry "GRE"]

1. c4 Nf6 2. d4 d5 3. Nc3 c6 4. Nf3 e6 5. Bg5 Nbd7 6. e3 h6 7. Bh4 Bb4 8. Qb3 Bxc3+ 9. Qxc3 Qc7 10. Bg3 Qd8 11. Bd3 0-0 12. Rc1 Ne4 13. Qc2 Qa5+ 14. Nd2 Nxd2 15. Qxd2 Qxd2+ 16. Kxd2 f6 17. Bd6 Re8 18. Bg6 Rf8 19. Bxf8 Kxf8 20. cxd5 cxd5 21. Rc7 Ke7 22. Rhc1 Kd8 23. e4 b6 24. exd5 exd5 25. Bf5 g6 26. Be6 Ke7 27. Bxd5 Kd6 28. Bxa8 Ba6 29. Rxa7 Nb8 30. Rc6+ Nxc6 31. Rxa6 Nxd4 32. Rxb6+ Ke5 33. f4+ Kxf4 34. Rxf6+ Kg5 35. Rd6 Nf5 36. Rd5 Kf6 37. Rxf5+ Kxf5 38. a4 Ke5 39. a5 Kd6 40. a6 Kc7 41. Kd3 Kb6 42. Bb7 Ka7 43. Ke4 g5 44. g4 Kb6 45. Kf5 Kc7 46. Kg6 Kb8 47. Kxh6 Ka7 48. Kxg5 Kb6 49. h4 Ka7 50. h5 Kb6 51. Bc6 Ka7 52. h6 Kxa6 53. h7 Kb6 54. h8Q Kc5 55. Kf5 Kd6 56. Qe5+ Kxc6 57. g5 Kd7 58. Qe6+ Kc7 59. g6 Kb7 60. g7 Ka7 61. g8Q Kb7 62. Qg7+ Kb8 63. Qe8# 1-0